The Purge - Filmreihe - Statistiken

Allgemein
  • Dieses Quiz wurde 5 mal gespielt
  • Das Durchschnittsergebnis liegt bei 3 aus 5
Antwortstatistiken
Jahr Antwort % Korrekt
2013 The Purge – Die Säuberung
100%
2021 The Forever Purge
75%
2018 The First Purge
50%
2016 The Purge: Election Year
50%
2014 The Purge: Anarchy
25%
Keine übereinstimmenden Quizze gefunden
Verteilung der Resultate
Anzahl Personen mit jedem Resultat
Perzentil nach korrekt beantworteten Fragen
Ihre Resultats-Entwicklung
Sie haben dieses Quiz noch nicht gespielt